| 000 | 00867nam a2200253 a 4500 | ||
|---|---|---|---|
| 001 | 000049200 | ||
| 005 | 20260129095557.0 | ||
| 008 | 190726s2006 dr a r 000 0 spa d | ||
| 040 |
_aDO-SdBNP _bspa _cBNPHU |
||
| 082 |
_a150 _bM516i, 2006 |
||
| 100 | 1 |
_a Mejía-Ricart G., Tirso, _d1936-2021 _q(Mejía-Ricart Guzmán) _91569 |
|
| 245 | 1 | 0 |
_aIntroducción a la psicología / _cTirso Mejía Ricart ; colaboradores Francisco Pancorbo ... [et al.]. |
| 250 | _a11a. ed. | ||
| 260 |
_aSanto Domingo : _bAlfa & Omega, _c2006. |
||
| 300 |
_a400 p. : _bil. ; _c21 cm. |
||
| 590 | _aInventariado, 2019/BT | ||
| 650 | 0 |
_aPsicología _9152 |
|
| 650 | 0 |
_aConducta (Psicología) _9673 |
|
| 650 | 4 |
_aAprendizaje _9812 |
|
| 650 | 0 |
_aPersonalidad _9395 |
|
| 650 | 0 |
_aSalud mental _9803 |
|
| 700 | 1 |
_aPancorbo, Francisco, _ecol. _976512 |
|
| 910 | _aValidado. Control de calidad MFF | ||
| 999 |
_c48688 _d48688 |
||